[Event "Koge 3+ EMT"]
[Site "Koge"]
[Date "2013.02.12"]
[Round "1"]
[White "Carlsen, Erik"]
[Black "Larsen, Ulrik"]
[Result "0-1"]
[WhiteElo "1956"]
[BlackElo "1971"]
[PlyCount "58"]
[EventDate "2013.02.12"]
[EventType "tourn"]
[EventRounds "7"]
[EventCountry "DEN"]
[SourceTitle "EXT 2023"]
[Source "ChessBase"]
[SourceDate "2022.10.05"]
[SourceVersion "1"]
[SourceVersionDate "2022.10.05"]
[SourceQuality "1"]

1. c4 e6 2. Nc3 d5 3. d4 c5 4. Nf3 Nc6 5. cxd5 exd5 6. Bf4 Nf6 7. e3 c4 8. a4 Bb4 9. Be2 Ne4 10. Rc1 Qa5 11. Qc2 Bf5 12. Nh4 Nxc3 13. Nxf5 Na2+ 14. Kd1 Nxc1 15. Kxc1 0-0 16. Nxg7 Kxg7 17. Qf5 Qd8 18. Bd1 Qf6 19. Qxd5 Rfd8 20. Qh5 Qg6 21. Qh3 Qe6 22. Bg4 Qf6 23. Bf5 h6 24. Qg4+ Kh8 25. Qh5 Bf8 26. Be4 Bg7 27. h4 Nxd4 28. Bg5 Nb3+ 29. Kb1 Qxb2# 0-1

[Event "Lovsprings op-B 13th"]
[Site "Ringsted"]
[Date "2002.04.19"]
[Round "6"]
[White "Carlsen, Erik"]
[Black "Pedersen, Kaj Vinding"]
[Result "1-0"]
[WhiteElo "1728"]
[BlackElo "1623"]
[PlyCount "81"]
[EventDate "2002.03.08"]
[EventType "swiss"]
[EventRounds "7"]
[EventCountry "DEN"]
[SourceTitle "EXT 2023"]
[Source "ChessBase"]
[SourceDate "2022.10.05"]
[SourceVersion "1"]
[SourceVersionDate "2022.10.05"]
[SourceQuality "1"]

1. Nf3 Nf6 2. c4 g6 3. Nc3 Bg7 4. g3 0-0 5. Bg2 c6 6. d4 d6 7. 0-0 Qc7 8. b3 Bg4 9. Bb2 Nbd7 10. Re1 Rad8 11. h3 Bxf3 12. Bxf3 e5 13. e3 Rfe8 14. d5 e4 15. Bg2 Nc5 16. Bf1 a5 17. Rb1 Nfd7 18. f4 exf3 19. Qxf3 Ne5 20. Qd1 Qe7 21. a3 Na6 22. Kg2 h5 23. Ne2 h4 24. g4 Bh6 25. Nf4 Qf6 26. Bc1 Nc5 27. Be2 Ne4 28. Qc2 Ng3 29. Bd1 Re7 30. Qf2 g5 31. Nd3 Qg6 32. Nxe5 Qe4+ 33. Nf3 Qxb1 34. Bc2 Qa1 35. Bb2 Qxb2 36. Bh7+ Kxh7 37. Qxb2 Ne4 38. Qc2 Kg8 39. dxc6 bxc6 40. Nd4 Rde8 41. Nxc6 1-0

[Event "Lovsprings op-B 13th"]
[Site "Ringsted"]
[Date "2002.04.14"]
[Round "5"]
[White "Hansen, Morten Lyck"]
[Black "Carlsen, Erik"]
[Result "1-0"]
[WhiteElo "1829"]
[BlackElo "1728"]
[PlyCount "57"]
[EventDate "2002.03.08"]
[EventType "swiss"]
[EventRounds "7"]
[EventCountry "DEN"]
[SourceTitle "EXT 2023"]
[Source "ChessBase"]
[SourceDate "2022.10.05"]
[SourceVersion "1"]
[SourceVersionDate "2022.10.05"]
[SourceQuality "1"]

1. e4 c5 2. Nf3 d6 3. c3 Nf6 4. h3 Nxe4 5. Qa4+ Bd7 6. Qxe4 Bc6 7. Qe3 e6 8. d4 Nd7 9. Be2 Be7 10. 0-0 0-0 11. Nbd2 b6 12. Ne4 d5 13. Ng3 Nf6 14. Ne5 Bb7 15. Bd3 Qc7 16. Qe2 Rad8 17. Bg5 Ne4 18. Bxe7 Nxg3 19. fxg3 Qxe7 20. Rf4 g5 21. Rf2 f6 22. Ng4 Rde8 23. Raf1 f5 24. Ne5 c4 25. Bc2 b5 26. Qh5 Qg7 27. Nf3 h6 28. Ne5 Rc8 29. Qg6 1-0

[Event "Koge Spring A"]
[Site "Koge"]
[Date "1995.06.01"]
[Round "7"]
[White "Andersen, Bjarne Hjorth"]
[Black "Carlsen, Erik"]
[Result "0-1"]
[WhiteElo "1937"]
[BlackElo "1728"]
[PlyCount "50"]
[EventDate "1995.04.20"]
[EventType "tourn"]
[EventRounds "7"]
[EventCountry "DEN"]
[SourceTitle "EXT 2023"]
[Source "ChessBase"]
[SourceDate "2022.10.05"]
[SourceVersion "1"]
[SourceVersionDate "2022.10.05"]
[SourceQuality "1"]

1. e4 c5 2. Nf3 d6 3. d4 cxd4 4. Nxd4 Nf6 5. Nc3 a6 6. Bg5 e6 7. f4 Be7 8. Qd2 h6 9. Bxf6 Bxf6 10. 0-0-0 0-0 11. g4 g6 12. Nf3 Be7 13. h4 Kg7 14. f5 Nc6 15. Bd3 Ne5 16. Nxe5 dxe5 17. Qh2 Qa5 18. Kb1 g5 19. hxg5 Bxg5 20. Rdf1 Rd8 21. fxe6 Bxe6 22. Nd5 Bxd5 23. Qxe5+ f6 24. Qe7+ Bf7 25. Rxh6 Qxa2# 0-1

[Event "Koge Spring A"]
[Site "Koge"]
[Date "1995.05.25"]
[Round "6"]
[White "Carlsen, Erik"]
[Black "Schmidt, Christian2"]
[Result "1-0"]
[WhiteElo "1728"]
[BlackElo "1642"]
[PlyCount "61"]
[EventDate "1995.04.20"]
[EventType "tourn"]
[EventRounds "7"]
[EventCountry "DEN"]
[SourceTitle "EXT 2023"]
[Source "ChessBase"]
[SourceDate "2022.10.05"]
[SourceVersion "1"]
[SourceVersionDate "2022.10.05"]
[SourceQuality "1"]

1. c4 e5 2. Nc3 Bc5 3. e3 Nc6 4. Nf3 d6 5. a3 Nf6 6. Be2 0-0 7. 0-0 h6 8. d4 exd4 9. exd4 Bb6 10. b4 a6 11. d5 Ne7 12. Bb2 a5 13. Na4 Ng6 14. Nxb6 cxb6 15. Qb3 Nf4 16. Rfe1 Re8 17. Bf1 Bd7 18. Rxe8+ Bxe8 19. Re1 axb4 20. Qxb4 Qc7 21. Bxf6 gxf6 22. Qd2 Nxg2 23. Kxg2 Qd7 24. Qf4 Rxa3 25. Re3 Rxe3 26. fxe3 Kg7 27. Nd4 f5 28. Nxf5+ Kf6 29. Bd3 Qa4 30. Qh4+ Ke5 31. Qd4# 1-0

[Event "Koge Spring A"]
[Site "Koge"]
[Date "1995.04.20"]
[Round "1"]
[White "Carlsen, Erik"]
[Black "Larsen, Peder Lehmann"]
[Result "1/2-1/2"]
[WhiteElo "1728"]
[BlackElo "1894"]
[PlyCount "74"]
[EventDate "1995.04.20"]
[EventType "tourn"]
[EventRounds "7"]
[EventCountry "DEN"]
[SourceTitle "EXT 2023"]
[Source "ChessBase"]
[SourceDate "2022.10.05"]
[SourceVersion "1"]
[SourceVersionDate "2022.10.05"]
[SourceQuality "1"]

1. c4 Nf6 2. Nf3 g6 3. Nc3 Bg7 4. e4 d6 5. d4 0-0 6. Be2 e5 7. d5 a5 8. 0-0 Na6 9. Ne1 Nc5 10. f3 Nh5 11. Nd3 Nxd3 12. Bxd3 Nf4 13. Be3 Qe7 14. Rc1 Bd7 15. Bb1 Bh6 16. Kh1 Bg5 17. Qd2 h6 18. Ne2 Nxe2 19. Qxe2 b6 20. Qd2 Kg7 21. f4 Bxf4 22. Bxf4 exf4 23. Qxf4 Rae8 24. Rf2 Qg5 25. Rcf1 Qxf4 26. Rxf4 f5 27. exf5 Bxf5 28. Bxf5 Rxf5 29. Rxf5 gxf5 30. Kg1 Kf6 31. Kf2 Re4 32. b3 a4 33. Rd1 Ke5 34. Rd3 axb3 35. axb3 h5 36. h3 Rf4+ 37. Ke2 Re4+ 1/2-1/2

[Event "Koge Spring A"]
[Site "Koge"]
[Date "1993.05.11"]
[Round "3"]
[White "Carlsen, Erik"]
[Black "Pedersen, Henrik Dahl"]
[Result "0-1"]
[WhiteElo "1770"]
[BlackElo "1739"]
[PlyCount "84"]
[EventDate "1993.04.27"]
[EventType "tourn"]
[EventRounds "7"]
[EventCountry "DEN"]
[SourceTitle "EXT 2023"]
[Source "ChessBase"]
[SourceDate "2022.10.05"]
[SourceVersion "1"]
[SourceVersionDate "2022.10.05"]
[SourceQuality "1"]

1. Nf3 c5 2. c4 Nc6 3. Nc3 g6 4. d4 cxd4 5. Nxd4 Bg7 6. Nb3 Nf6 7. e4 d6 8. Be2 0-0 9. Be3 Be6 10. f3 Rc8 11. Rc1 Na5 12. Nd5 Bxd5 13. cxd5 Nxb3 14. Qxb3 Qa5+ 15. Kf2 b5 16. Rc6 Rxc6 17. dxc6 a6 18. Rc1 Ne8 19. a4 Qxa4 20. Qxa4 bxa4 21. c7 Nxc7 22. Rxc7 Bxb2 23. Bxa6 a3 24. Bc4 e6 25. Ba7 Ra8 26. Ba2 Rxa7 27. Rxa7 Bd4+ 28. Ke2 Bxa7 29. Kd3 Kg7 30. Kc3 Kf6 31. Bc4 Ke5 32. Bb5 f5 33. Bc6 Bg1 34. h4 Kf4 35. h5 gxh5 36. exf5 Kxf5 37. Be4+ Kf4 38. Bxh7 Kg3 39. Bg8 e5 40. Bd5 Be3 41. Kb3 Bf4 42. Kxa3 Kxg2 0-1